All Books Of The Bible - Statistics

General Stats
  • This quiz has been taken 215 times
  • The average score is 43 of 66
Answer Stats
Answer % Correct
Genesis
98%
II John
95%
I John
95%
Exodus
94%
III John
90%
John
90%
I Corinthians
88%
I Peter
87%
Leviticus
87%
Luke
87%
Numbers
87%
I Samuel
86%
Mark
86%
Matthew
86%
Revelation
86%
II Kings
85%
I Kings
85%
Psalm
85%
II Corinthians
84%
II Peter
83%
II Samuel
83%
I Timothy
82%
I Chronicles
80%
I Thessalonians
80%
Deuteronomy
79%
Ruth
78%
II Chronicles
75%
Romans
75%
Acts
73%
II Timothy
73%
II Thessalonians
71%
Job
70%
Proverbs
67%
Song of Songs
67%
Esther
62%
Joshua
62%
Judges
62%
Daniel
58%
Isaiah
58%
Ezra
55%
Titus
54%
Ezekiel
52%
James
52%
Jude
52%
Malachi
52%
Ephesians
50%
Hebrews
49%
Jeremiah
49%
Colossians
48%
Galatians
47%
Jonah
46%
Nehemiah
46%
Ecclesiastes
45%
Lamentations
45%
Philippians
45%
Obadiah
43%
Amos
40%
Micah
40%
Philemon
40%
Hosea
38%
Joel
38%
Zephaniah
37%
Habakkuk
36%
Nahum
36%
Zechariah
36%
Haggai
35%
No matching quizzes found
Score Distribution
Percent of People with Each Score
Percentile by Number Answered
Your Score History
You have not taken this quiz